logo

Bir Sreshtho Munshi Abdur Rouf Library
Jhenaidah Cadet College

Milton's grand style. (Record no. 9321)

MARC details
000 -LEADER
fixed length control field 00907cam a22003011 4500
001 - CONTROL NUMBER
JCCL Control Number 9321
003 - CONTROL NUMBER IDENTIFIER
JCCL marc code BD-JhCC
005 - DATE AND TIME OF LATEST TRANSACTION
control field 20180312195347.0
008 - FIXED-LENGTH DATA ELEMENTS--GENERAL INFORMATION
fixed length control field 710406s1967 enk b 000 0 eng
035 ## - SYSTEM CONTROL NUMBER
system control number (BD-JhCC)9321
040 ## - CATALOGING SOURCE
Original cataloging agency DLC
Transcribing agency DLC
Modifying agency DLC
-- BD-JhCC
041 ## - LANGUAGE CODE
Language code of Book eng
050 00 - LIBRARY OF CONGRESS CALL NUMBER
Classification number PR3562
Item number .R54 1967
082 00 - DEWEY DECIMAL CLASSIFICATION NUMBER
Classification number 821/.4
Author mark and Year RIC 1967
100 1# - MAIN ENTRY--PERSONAL NAME
Personal name Ricks, Christopher,
Dates associated with a name 1933-
245 10 - TITLE STATEMENT
Title Milton's grand style.
260 ## - PUBLICATION, DISTRIBUTION, ETC. (IMPRINT)
Place of publication, distribution, etc London,
Name of publisher, distributor, etc Oxford U.P.,
Date of publication, distribution, etc 1967.
300 ## - PHYSICAL DESCRIPTION
Pagination vi, 154 p.
Dimensions 21 cm.
490 0# - SERIES STATEMENT
Series statement Oxford paperbacks, no. 127
504 ## - BIBLIOGRAPHY, ETC. NOTE
Bibliography, etc Bibliographical footnotes.
600 10 - SUBJECT ADDED ENTRY--PERSONAL NAME
Personal name Milton, John,
Dates associated with a name 1608-1674
General subdivision Literary style.
600 10 - SUBJECT ADDED ENTRY--PERSONAL NAME
Personal name Milton, John,
Dates associated with a name 1608-1674.
Title of a work Paradise lost.
650 #0 - SUBJECT ADDED ENTRY--TOPICAL TERM
Topical term or geographic name as entry element English language
Chronological subdivision Early modern, 1500-1700
General subdivision Style.
650 #0 - SUBJECT ADDED ENTRY--TOPICAL TERM
Topical term or geographic name as entry element Epic poetry, English
General subdivision History and criticism.
650 #0 - SUBJECT ADDED ENTRY--TOPICAL TERM
Topical term or geographic name as entry element Fall of man in literature.
942 ## - ADDED ENTRY ELEMENTS (KOHA)
Source of classification or shelving scheme Dewey Decimal Classification
Koha item type Books
Holdings
Source of classification or shelving scheme Damaged status Not for loan Home library Current library Shelving location Total Checkouts Full call number Barcode Date last seen Copy number Koha item type
Dewey Decimal Classification     JCC Rouf Library JCC Rouf Library General Stacks   821/.4 RIC 1967 12456 03/12/2018 C - 1 Books

JCC Library | Contacts | JCC Home

Last Update on 23 September 2017
Copyright @ 2017-2020 JCC Rouf Library
Rouf Library, Jhenidah Cadet College (JCC), Bangladesh